000 00621 a2200205 4500
020 _a0071362002
040 _aDLC
_bDLC
082 0 0 _a512.5
100 1 _aLipschutz, Seymour.
245 1 0 _aSchaum's outline of theory and problems of linear algebra
_cSeymour Lipschutz, Marc Lars Lipson.
246 3 0 _aTheory and problems of linear algebra
250 _a3rd ed. /
260 _aNew York :
_bMcGraw-Hill,
_cc2001.
300 _aviii, 424 p. :
_bill. ;
_c28 cm.
490 0 _aSchaum's outline series
500 _aIncludes index.
650 0 _aAlgebras, Linear
700 1 _aLipson, Marc.
942 _cBK
_k512.5 LIP
_2ddc
999 _c10158
_d10158